Diario de Campo : época 4, número 3, 2017 /
保存先:
| その他の著者: | |
|---|---|
| フォーマット: | 図書 |
| 言語: | スペイン語 |
| 出版事項: |
México :
INAH,
2017
|
| シリーズ: | (Diario de Campo ;
4/3) |
| 主題: | |
| タグ: |
タグなし, このレコードへの初めてのタグを付けませんか!
|
MARC
| LEADER | 00000nam^a2200000^a^4500 | ||
|---|---|---|---|
| 001 | 000631651 | ||
| 005 | 20260514000000.0 | ||
| 009 | 20260526154610.941 | ||
| 022 | |a 2007-6851 | ||
| 037 | |a Acervo ITESO - Biblioteca | ||
| 041 | |a GRA | ||
| 041 | |a ESP | ||
| 082 | |a 300. 5 |b DIA S. 4 V. 3 | ||
| 240 | 1 | 1 | |a [Diario de Campo] |
| 245 | 0 | 0 | |a Diario de Campo : |b época 4, número 3, 2017 / |c Dir. de M.E. Velázquez Gutiérrez. |
| 264 | 1 | |a México : |b INAH, |c 2017 | |
| 300 | |a 207 p. | ||
| 336 | |a texto |b txt |2 rdacontenido | ||
| 337 | |a sin mediación |b n |2 rdamedio | ||
| 338 | |a volumen |b nc |2 rdasoporte | ||
| 440 | 1 | |a (Diario de Campo ; |v 4/3) | |
| 546 | |a Edición gráfica con texto en español | ||
| 649 | |a XX | ||
| 650 | |a Antropología - |x Publicaciones Periódicas - |x Tema Principal | ||
| 650 | |a Publicaciones Periódicas Mexicanas | ||
| 650 | |a Publicaciones Periódicas | ||
| 700 | |a Velázquez Gutiérrez, María Elisa |e (dirección) | ||
| 910 | |a Fondo Castillo-Martínez | ||
| 920 | |a Impresos - Libros | ||
| 930 | |a Fondos Especiales | ||
| 905 | |a 127 | ||
| 901 | |a 631651-10 |b IT2 |c ESP |i D125005 |u 20260514 | ||
| 902 | |a https://opac.biblio.iteso.mx/vufind/Record/000631651 | ||